[Event "32.Schlosspark-Open"]
[Site "Wiesbaden-Biebrich"]
[Date "2023.08.26"]
[Round "5.10"]
[White "Montalbano, Federico"]
[Black "Gramb, Marius"]
[Result "0-1"]
[WhiteElo "2115"]
[BlackElo "2219"]
[PlyCount "114"]
[EventDate "2023.??.??"]
[WhiteTeam "Wiesbadener SV 1885"]
[BlackTeam "Brühler SK 1920 e. V."]

1. e4 c6 2. Nf3 d5 3. d3 Qc7 4. Qe2 dxe4 5. dxe4 e5 6. Be3 Nf6 7. Nc3 Bb4 8. Bd2 h6 9. O-O-O Be6 10. Kb1 a5 11. Ne1 Nbd7 12. h3 b5 13. Nd3 Bxc3 14. Bxc3 b4 15. Bd2 c5 16. Nc1 c4 17. c3 Nc5 18. f3 bxc3 19. Bxc3 O-O 20. g4 Na4 21. Qc2 Nxc3+ 22. Qxc3 Rfb8 23. Rh2 Nd7 24. Ka1 Nc5 25. Rc2 Na4 26. Qa3 Rb4 27. Ne2 Rab8 28. Rdd2 Qc5 29. Nc3 Qg1 30. Rc1 Qe3 31. Nb1 c3 32. Rxc3 Nxc3 33. Qxc3 Qxc3 34. Nxc3 Rd4 35. Rxd4 exd4 36. Nb5 Rd8 37. Bd3 Bd7 38. a4 Be6 39. Na7 Bb3 40. Nc6 Rd6 41. Nxa5 Bxa4 42. f4 Rb6 43. Ka2 Bb5 44. Nc4 Ra6+ 45. Kb1 g5 46. f5 Kf8 47. b3 f6 48. Kb2 Ra7 49. Be2 Bxc4 50. Bxc4 Ke7 51. Bd5 Kd6 52. b4 Rc7 53. Bb3 Rc3 54. b5 Rxh3 55. Bd5 Rh2+ 56. Kb3 Kc5 57. b6 Rh3+ 0-1

[Event "32.Schlosspark-Open"]
[Site "Wiesbaden-Biebrich"]
[Date "2023.08.26"]
[Round "5.11"]
[White "Barbanera, Fabrizio"]
[Black "Kersten, Uwe"]
[Result "1/2-1/2"]
[WhiteElo "2101"]
[BlackElo "2235"]
[PlyCount "25"]
[EventDate "2023.??.??"]
[WhiteTeam "SC Neumühl"]
[BlackTeam "Sfr. Bad Emstal/Wolfhagen"]

1. e4 e6 2. d4 d5 3. Nc3 Nc6 4. e5 a6 5. Nf3 f6 6. exf6 Nxf6 7. Bd3 Bd6 8. Bg5 O-O 9. Qd2 Nb4 10. O-O-O c5 11. dxc5 Bxc5 12. Kb1 Nc6 13. Rhe1 1/2-1/2

[Event "32.Schlosspark-Open"]
[Site "Wiesbaden-Biebrich"]
[Date "2023.08.26"]
[Round "5.12"]
[White "Bakiev, Diyor"]
[Black "Leidorf, Sebastian"]
[Result "1-0"]
[WhiteElo "2182"]
[BlackElo "2053"]
[PlyCount "47"]
[EventDate "2023.??.??"]
[WhiteTeam "Wiesbadener SV 1885"]
[BlackTeam "SV Bergwinkel"]

1. e4 e6 2. d4 d5 3. Nd2 Nf6 4. e5 Nfd7 5. Bd3 c5 6. c3 Nc6 7. Ne2 cxd4 8. cxd4 f6 9. exf6 Nxf6 10. O-O Bd6 11. Nf3 Qc7 12. g3 O-O 13. Bf4 Ng4 14. Bxd6 Qxd6 15. Nc3 e5 16. dxe5 Qh6 17. h4 Ngxe5 18. Ng5 Bg4 19. Be2 Bxe2 20. Qxd5+ Kh8 21. Nxe2 Qh5 22. Nf4 Qg4 23. Qe4 Rf5 24. Kg2 1-0

[Event "32.Schlosspark-Open"]
[Site "Wiesbaden-Biebrich"]
[Date "2023.08.26"]
[Round "5.13"]
[White "Li, Maxim"]
[Black "Foerster-Yialamas, Lucas"]
[Result "1/2-1/2"]
[WhiteElo "2030"]
[BlackElo "2171"]
[PlyCount "53"]
[EventDate "2023.??.??"]
[WhiteTeam "Wiesbadener SV 1885"]
[BlackTeam "Sabt Frankfurter TV 1860"]

1. e4 c5 2. Nc3 Nc6 3. Bb5 Nd4 4. Bc4 Nf6 5. Nf3 a6 6. a4 e6 7. O-O d5 8. exd5 exd5 9. Re1+ Be7 10. Nxd5 Nxd5 11. Nxd4 cxd4 12. Qh5 Be6 13. Rxe6 Nf4 14. Rxe7+ Qxe7 15. Qd1 d3 16. cxd3 Qe2 17. Qxe2+ Nxe2+ 18. Kf1 Nxc1 19. Rxc1 O-O 20. Bd5 Rab8 21. Rc7 b5 22. a5 Rbd8 23. Bb7 Rd6 24. d4 Rxd4 25. Bxa6 Rxd2 26. Bxb5 Rxb2 27. Bc4 1/2-1/2

[Event "32.Schlosspark-Open"]
[Site "Wiesbaden-Biebrich"]
[Date "2023.08.26"]
[Round "5.14"]
[White "Khenkin, Igor"]
[Black "Baranyai-Molnar, Adam-Kristof"]
[Result "1-0"]
[WhiteElo "2508"]
[BlackElo "1876"]
[PlyCount "49"]
[EventDate "2023.??.??"]
[WhiteTeam "Wiesbadener SV 1885"]
[BlackTeam "SF Neuberg"]

1. d4 f5 2. g3 Nf6 3. Bg2 g6 4. Nd2 Bg7 5. c3 Nc6 6. Nh3 d6 7. d5 Ne5 8. Nf3 Nxf3+ 9. Bxf3 O-O 10. Nf4 e5 11. dxe6 Qe7 12. h4 c6 13. Qb3 d5 14. Be3 a5 15. a4 Re8 16. Bd4 Bxe6 17. Nxe6 Qxe6 18. Qxb7 Rab8 19. Qc7 Rxb2 20. O-O Qd7 21. Qxa5 f4 22. Rfb1 Rxb1+ 23. Rxb1 fxg3 24. fxg3 Qh3 25. Qc7 1-0

[Event "32.Schlosspark-Open"]
[Site "Wiesbaden-Biebrich"]
[Date "2023.08.26"]
[Round "5.16"]
[White "Ruppert, Wolfgang"]
[Black "Tremöhlen, Thomas"]
[Result "1/2-1/2"]
[WhiteElo "2165"]
[BlackElo "1953"]
[PlyCount "64"]
[EventDate "2023.??.??"]
[WhiteTeam "SC Flörsheim 1921"]
[BlackTeam "Sportgemeinschaft Kaarst 1912/35"]

1. e4 c5 2. Nf3 Nc6 3. Bb5 g6 4. Bxc6 dxc6 5. d3 Bg7 6. Nc3 b6 7. h3 Qc7 8. Be3 e5 9. Qd2 h6 10. Nh2 Be6 11. f4 O-O-O 12. Nf3 f6 13. O-O g5 14. f5 Bf7 15. a4 a5 16. Qf2 Kb7 17. Rfb1 h5 18. g4 Bf8 19. Kg2 Nh6 20. Nh2 Bd6 21. Ne2 Rh7 22. c3 hxg4 23. hxg4 Bb3 24. Nc1 Bd1 25. Ne2 Bc2 26. Rh1 Bxd3 27. Ng3 Rdh8 28. b3 Ba6 29. Rad1 Qe7 30. Rd2 Bc7 31. c4 Kb8 32. Qe2 Bc8 1/2-1/2

[Event "32.Schlosspark-Open"]
[Site "Wiesbaden-Biebrich"]
[Date "2023.08.26"]
[Round "5.17"]
[White "Marschner, Thomas"]
[Black "Henrich, Thomas"]
[Result "0-1"]
[WhiteElo "1936"]
[BlackElo "2147"]
[PlyCount "64"]
[EventDate "2023.??.??"]
[WhiteTeam "SVG Eppstein 1932"]
[BlackTeam "SK Marburg 1931/72"]

1. e4 c6 2. Nf3 d5 3. exd5 cxd5 4. Ne5 Nc6 5. d4 Nf6 6. Bb5 Bd7 7. Nxd7 Qxd7 8. O-O a6 9. Be2 e6 10. Bf4 Bd6 11. Bxd6 Qxd6 12. c3 O-O 13. Nd2 b5 14. a3 Rab8 15. Nf3 Ne4 16. Bd3 f5 17. Qe2 Rf6 18. Ne5 Rh6 19. h3 Nxe5 20. dxe5 Qc5 21. Kh2 Qc7 22. f4 Nc5 23. Rab1 Kh8 24. b3 Rg8 25. c4 g5 26. cxd5 gxf4 27. Rxf4 Rhg6 28. Rg1 Rg3 29. Bc2 Qg7 30. Rf3 Nd7 31. dxe6 Nxe5 32. Rxf5 Rxh3+ 0-1

[Event "32.Schlosspark-Open"]
[Site "Wiesbaden-Biebrich"]
[Date "2023.08.26"]
[Round "5.18"]
[White "Bremer, Vincent"]
[Black "Nagel, Bernhard"]
[Result "0-1"]
[WhiteElo "1925"]
[BlackElo "2146"]
[PlyCount "68"]
[EventDate "2023.??.??"]
[WhiteTeam "TSG 1846 Bretzenheim/ZMO"]
[BlackTeam "Kölner SK Dr. Lasker 186"]

1. e4 e6 2. d4 d5 3. e5 c5 4. c3 Nc6 5. Nf3 Qb6 6. a3 Nh6 7. Bd3 cxd4 8. cxd4 Nf5 9. Bxf5 exf5 10. Nc3 Be6 11. O-O h6 12. Qd3 g5 13. Qb5 Qxb5 14. Nxb5 Rc8 15. Rd1 a6 16. Nd6+ Bxd6 17. exd6 f6 18. b4 Kd7 19. Ne1 b6 20. f4 Rhe8 21. Rb1 Bf7 22. b5 axb5 23. Rxb5 Nxd4 24. Rxb6 Bh5 25. Nf3 Ne2+ 26. Kf2 Bxf3 27. gxf3 Rxc1 28. Rxd5 Nxf4 29. Rd2 Rc6 30. Rb7+ Ke6 31. d7 Rd8 32. Rd1 Rd6 33. Re1+ Kf7 34. Re8 R8xd7 0-1

[Event "32.Schlosspark-Open"]
[Site "Wiesbaden-Biebrich"]
[Date "2023.08.26"]
[Round "5.19"]
[White "Gentner, Markus"]
[Black "Boidman, Yuri"]
[Result "1-0"]
[WhiteElo "1982"]
[BlackElo "2288"]
[PlyCount "116"]
[EventDate "2023.??.??"]
[WhiteTeam "SC Murrhardt 1948 e.V."]
[BlackTeam "SC Heimbach-Weis/Neuwied e.V."]

1. Nf3 d5 2. c4 c6 3. g3 Nf6 4. Bg2 Bf5 5. Qb3 Qb6 6. Nc3 e6 7. O-O Nbd7 8. d4 Qxb3 9. axb3 Bc2 10. Nd2 Bb4 11. e3 O-O 12. Bf3 Rfe8 13. Bd1 Bf5 14. Na2 Bxd2 15. Bxd2 dxc4 16. bxc4 Bd3 17. Re1 Ne4 18. Bc1 Bxc4 19. f3 Nef6 20. b3 Bd3 21. e4 c5 22. dxc5 Nxc5 23. b4 Ncd7 24. Ba4 b5 25. Bb3 Ne5 26. Kg2 Bc4 27. Bxc4 bxc4 28. Be3 Red8 29. Nc3 a6 30. Na4 Nfd7 31. Reb1 Rdb8 32. Bf4 f6 33. Bd2 Nd3 34. f4 Rb5 35. Nb2 Nxb2 36. Rxb2 Nc5 37. Kf3 Nb3 38. Ra4 Nc5 39. Ra5 Nb3 40. Ra4 a5 41. Bc3 Rd8 42. Be1 axb4 43. Rxb4 Rxb4 44. Bxb4 Rd3+ 45. Kf2 Nd4 46. Rd2 Rxd2+ 47. Bxd2 Kf7 48. e5 f5 49. h3 Ke8 50. g4 g6 51. Be3 Nb5 52. Kf3 c3 53. Kf2 Kd7 54. gxf5 gxf5 55. Ke2 Kc6 56. Kd3 Kd5 57. Bc1 Nd4 58. Be3 c2 1-0

[Event "32.Schlosspark-Open"]
[Site "Wiesbaden-Biebrich"]
[Date "2023.08.26"]
[Round "5.20"]
[White "Villani, Cristian"]
[Black "Perske, Paul"]
[Result "0-1"]
[WhiteElo "1986"]
[BlackElo "2085"]
[PlyCount "100"]
[EventDate "2023.??.??"]
[WhiteTeam "SK Durlach"]
[BlackTeam "Sfr.Heidesheim"]

1. Nf3 Nf6 2. c4 e6 3. Nc3 d5 4. d4 c5 5. e3 cxd4 6. exd4 Be7 7. cxd5 Nxd5 8. Bc4 O-O 9. O-O Nxc3 10. bxc3 Qc7 11. Qe2 Nd7 12. Bd2 Nf6 13. Ne5 Bd7 14. Rfe1 Rac8 15. Rab1 Rfd8 16. f4 Be8 17. Bd3 g6 18. Qf3 Bc6 19. Qh3 b6 20. Ba6 Bb7 21. Bxb7 Qxb7 22. Nxf7 Kxf7 23. Qxe6+ Kf8 24. f5 Rc6 25. Bh6+ Ke8 26. Qe2 Rd5 27. fxg6 hxg6 28. Qd3 Ng8 29. Bf4 Qd7 30. Be5 Qf5 31. Qxf5 gxf5 32. Rbc1 Rc4 33. Rc2 Kf7 34. Rf2 Nh6 35. g4 Bh4 36. Bg3 Bxg3 37. hxg3 Nxg4 38. Rf3 Rc6 39. Rd3 b5 40. Re2 Re6 41. Kf1 Rxe2 42. Kxe2 Kg6 43. Rd1 Rd6 44. Rb1 a6 45. a4 Rd5 46. axb5 axb5 47. Ra1 Nf6 48. Ra8 Ne4 49. Kd3 Rd7 50. Rb8 Rc7 0-1

[Event "32.Schlosspark-Open"]
[Site "Wiesbaden-Biebrich"]
[Date "2023.08.26"]
[Round "5.21"]
[White "Giese, Tilman"]
[Black "Mulder, Bart-Piet"]
[Result "1/2-1/2"]
[WhiteElo "1977"]
[BlackElo "2123"]
[PlyCount "68"]
[EventDate "2023.??.??"]
[WhiteTeam "SC Turm Illingen"]
[BlackTeam "de Wijker Toren"]

1. Nf3 Nf6 2. g3 b6 3. Bg2 Bb7 4. c4 c5 5. Nc3 e6 6. O-O d6 7. d3 Be7 8. a3 a6 9. Rb1 Nbd7 10. b4 cxb4 11. axb4 Qc7 12. Bd2 O-O 13. Qb3 Rac8 14. Rfc1 Qb8 15. Be3 Ng4 16. Bf4 Kh8 17. e4 Nde5 18. Na4 b5 19. cxb5 axb5 20. Nb2 Qa7 21. Nd1 h6 22. h3 Nxf3+ 23. Bxf3 Ne5 24. Bg2 Qd4 25. Nb2 Bg5 26. Bxg5 hxg5 27. Qd1 d5 28. Qh5+ Kg8 29. Qxg5 Rxc1+ 30. Qxc1 dxe4 31. Qc5 Rd8 32. Qxb5 Nxd3 33. Nxd3 Qxd3 34. Qxd3 Rxd3 1/2-1/2

[Event "32.Schlosspark-Open"]
[Site "Wiesbaden-Biebrich"]
[Date "2023.08.26"]
[Round "5.22"]
[White "Albert, Ingo"]
[Black "Grzeca, Pascal"]
[Result "0-1"]
[WhiteElo "1968"]
[BlackElo "2075"]
[PlyCount "38"]
[EventDate "2023.??.??"]
[WhiteTeam "FT Schierstein"]
[BlackTeam "SV 1921 Springer Siershahn e.V."]

1. e4 c6 2. d4 d5 3. e5 Bf5 4. Nc3 e6 5. g4 Bg6 6. Nge2 c5 7. Nf4 cxd4 8. Nxg6 hxg6 9. Ne2 Ne7 10. Nxd4 Nec6 11. Nf3 Nd7 12. Bf4 Qb6 13. Bg2 Qxb2 14. O-O Qb4 15. Qc1 Nb6 16. h3 Qa3 17. Qd1 Qa4 18. Bg3 Rc8 19. Ng5 Be7 0-1

[Event "32.Schlosspark-Open"]
[Site "Wiesbaden-Biebrich"]
[Date "2023.08.26"]
[Round "5.23"]
[White "Knödler, Marcel"]
[Black "Reschke, Thomas"]
[Result "1/2-1/2"]
[WhiteElo "1849"]
[BlackElo "2103"]
[PlyCount "91"]
[EventDate "2023.??.??"]
[WhiteTeam "Wiesbadener SV 1885"]
[BlackTeam "SC Frankfurt-West"]

1. c4 g6 2. g3 Bg7 3. Bg2 c5 4. e3 Nc6 5. Ne2 e5 6. Nbc3 Nge7 7. a3 d6 8. Rb1 a5 9. Nd5 O-O 10. O-O Rb8 11. d3 b5 12. cxb5 Rxb5 13. Nec3 Rb8 14. Qc2 Be6 15. Bd2 Qd7 16. Qa4 Rfc8 17. Nxe7+ Nxe7 18. Qxd7 Bxd7 19. Rfc1 Be6 20. Ne4 a4 21. Nxd6 Rd8 22. Ne4 Rxd3 23. Bf1 Rdd8 24. Ba5 Rdc8 25. Rxc5 Bf5 26. Rxc8+ Rxc8 27. Bg2 Rb8 28. h3 Rb5 29. Be1 Bd7 30. Rd1 Be6 31. Rd8+ Bf8 32. Bb4 Kg7 33. Nd6 Rb6 34. g4 f6 35. Ra8 Nd5 36. Ra7+ Kg8 37. Bxd5 Bxd5 38. Nc8 Rc6 39. Bxf8 Rxc8 40. Be7 Ra8 41. Rxa8+ Bxa8 42. Bxf6 e4 43. b4 axb3 44. a4 Kf7 45. Bd4 Ke6 46. Kf1 1/2-1/2

[Event "32.Schlosspark-Open"]
[Site "Wiesbaden-Biebrich"]
[Date "2023.08.26"]
[Round "5.24"]
[White "Davidov, Georgi"]
[Black "Ensslinger, Colin"]
[Result "0-1"]
[WhiteElo "1904"]
[BlackElo "2043"]
[PlyCount "94"]
[EventDate "2023.??.??"]
[WhiteTeam "SC Rotenburg"]
[BlackTeam "SF Schwaigern"]

1. e4 c5 2. Nf3 d6 3. d4 cxd4 4. Nxd4 Nf6 5. Nc3 a6 6. f3 e5 7. Nb3 Be6 8. Nd5 Bxd5 9. exd5 g6 10. Be3 Bg7 11. Qd2 Nbd7 12. c4 Qc7 13. Rc1 b6 14. Bd3 O-O 15. O-O Rae8 16. Qf2 e4 17. Bxe4 Nxe4 18. fxe4 Rxe4 19. Nd2 Re7 20. Bg5 Ree8 21. b3 Ne5 22. Qg3 Qc5+ 23. Kh1 Qd4 24. Nf3 Qb2 25. Nxe5 Bxe5 26. Qf2 Qxf2 27. Rxf2 Rc8 28. Bf6 Rfe8 29. Bxe5 Rxe5 30. Rf6 Rxd5 31. Rcf1 Rd2 32. Rxf7 b5 33. g4 bxc4 34. bxc4 Rxc4 35. g5 Rc8 36. R1f2 Rd5 37. h4 Rd4 38. Kg2 Rxh4 39. Ra7 Rg4+ 40. Kh3 Ra4 41. Rd7 Rc3+ 42. Kh2 Rh4+ 43. Kg2 Rg4+ 44. Kh2 Rxg5 45. Rxd6 Ra3 46. Rd7 Rf5 47. Rc2 Rf7 0-1

[Event "32.Schlosspark-Open"]
[Site "Wiesbaden-Biebrich"]
[Date "2023.08.26"]
[Round "5.25"]
[White "Dietrich, Leif"]
[Black "Eull, Emil"]
[Result "0-1"]
[WhiteElo "1879"]
[BlackElo "2032"]
[PlyCount "62"]
[EventDate "2023.??.??"]
[WhiteTeam "Hamburger SK von 1830 eV"]
[BlackTeam "SF Neuberg"]

1. e4 c6 2. Nc3 d5 3. Nf3 Bg4 4. h3 Bxf3 5. Qxf3 e6 6. Be2 Nf6 7. O-O Bc5 8. e5 Nfd7 9. Qg3 O-O 10. d3 Bd4 11. Bg5 Bxe5 12. Qxe5 Nxe5 13. Bxd8 Rxd8 14. d4 Ng6 15. f4 Nd7 16. b4 Nf6 17. g3 Ne7 18. Bd3 Nc8 19. Rab1 Nd6 20. Rfe1 b6 21. Kg2 Rdb8 22. a3 a5 23. Ra1 Rb7 24. Reb1 Rab8 25. Re1 b5 26. Reb1 Nfe4 27. Ne2 Nd2 28. Rd1 N2c4 29. Bxc4 Nxc4 30. Kf3 Ra7 31. Rd3 axb4 0-1

[Event "32.Schlosspark-Open"]
[Site "Wiesbaden-Biebrich"]
[Date "2023.08.26"]
[Round "5.26"]
[White "Meuer, David"]
[Black "Emig, Nils"]
[Result "1/2-1/2"]
[WhiteElo "1936"]
[BlackElo "1843"]
[PlyCount "45"]
[EventDate "2023.??.??"]
[WhiteTeam "SV Turm Lahnstein"]
[BlackTeam "SK Marburg 1931/72"]

1. e4 c5 2. c3 Nf6 3. e5 Nd5 4. d4 cxd4 5. Nf3 d6 6. Bc4 dxe5 7. Nxe5 e6 8. Bb5+ Bd7 9. Nxd7 Nxd7 10. Qxd4 a6 11. Ba4 b5 12. Bb3 Qb6 13. Qxb6 N7xb6 14. O-O Be7 15. Nd2 Nf4 16. Nf3 Ne2+ 17. Kh1 Nxc1 18. Raxc1 O-O 19. Rfd1 Rfd8 20. Kg1 Bf6 21. Kf1 Kf8 22. Ke2 Rac8 23. Rxd8+ 1/2-1/2

[Event "32.Schlosspark-Open"]
[Site "Wiesbaden-Biebrich"]
[Date "2023.08.26"]
[Round "5.27"]
[White "Müller, Riyanna"]
[Black "Marzahn, Heiko"]
[Result "1-0"]
[WhiteElo "1760"]
[BlackElo "2031"]
[PlyCount "51"]
[EventDate "2023.??.??"]
[WhiteTeam "SC Landskrone"]
[BlackTeam "SF Eltville"]

1. e4 e5 2. Nf3 Nc6 3. Bc4 Nf6 4. d3 Be7 5. c3 d5 6. exd5 Nxd5 7. O-O O-O 8. Re1 Bg4 9. h3 Bh5 10. Nbd2 Nf4 11. Ne4 Kh8 12. Ng3 Bxf3 13. Qxf3 Ng6 14. Nf5 Nh4 15. Nxh4 Bxh4 16. Bd5 Bf6 17. Be3 Qd7 18. Rad1 Nd8 19. Bxb7 Nxb7 20. Qxb7 Rab8 21. Qxa7 Rxb2 22. Bc5 Rfb8 23. Bb4 Qb5 24. Qa3 Rxb4 25. Qxb4 Qxb4 26. cxb4 1-0

[Event "32.Schlosspark-Open"]
[Site "Wiesbaden-Biebrich"]
[Date "2023.08.26"]
[Round "5.28"]
[White "Sreeramulu, Aarush"]
[Black "Simon, Eric"]
[Result "0-1"]
[WhiteElo "1561"]
[BlackElo "2029"]
[PlyCount "82"]
[EventDate "2023.??.??"]
[WhiteTeam "SK Marburg 1931/72"]
[BlackTeam "SF Eltville"]

1. d4 d6 2. c4 Nf6 3. Nc3 g6 4. e4 Bg7 5. Nf3 O-O 6. Be2 e5 7. dxe5 dxe5 8. Qxd8 Rxd8 9. Nd5 Nxd5 10. cxd5 c6 11. Bc4 cxd5 12. Bxd5 Na6 13. O-O Nc7 14. Bb3 Be6 15. Bxe6 Nxe6 16. Be3 b6 17. Rac1 Rac8 18. Rxc8 Rxc8 19. Rc1 Rxc1+ 20. Bxc1 Nc5 21. Nd2 Bh6 22. Nb3 Bxc1 23. Nxc1 Nxe4 24. Nd3 f6 25. Nb4 Nd6 26. Nc6 Nc8 27. a4 Kf7 28. Kf1 Ke6 29. Nb4 Kd6 30. Ke2 a5 31. Nd3 Kd5 32. Kd2 f5 33. b4 Nd6 34. f3 g5 35. h3 e4 36. fxe4+ fxe4 37. Nb2 axb4 38. Nd1 Kd4 39. Kc2 e3 40. Nb2 Nc4 41. Nd3 Na3+ 0-1

[Event "32.Schlosspark-Open"]
[Site "Wiesbaden-Biebrich"]
[Date "2023.08.26"]
[Round "5.29"]
[White "Schmitt, Carsten"]
[Black "Pioch, Thomas"]
[Result "1-0"]
[WhiteElo "1874"]
[BlackElo "2022"]
[PlyCount "117"]
[EventDate "2023.??.??"]
[WhiteTeam "SV Bergwinkel"]
[BlackTeam "Wiesbaden"]

1. c4 e6 2. g3 f5 3. Bg2 Nf6 4. Nf3 Be7 5. O-O O-O 6. d3 c5 7. Nc3 Nc6 8. e4 fxe4 9. dxe4 b6 10. e5 Ne8 11. Ne4 Ba6 12. b3 Rb8 13. a4 Rxf3 14. Qxf3 Nxe5 15. Qh5 Nf7 16. Re1 Bb7 17. Bf4 e5 18. Bd2 Nc7 19. Nc3 Bxg2 20. Kxg2 d5 21. cxd5 Nxd5 22. Rad1 Nf6 23. Qe2 Rb7 24. f4 Rd7 25. fxe5 Nxe5 26. Qxe5 Rxd2+ 27. Rxd2 Qxd2+ 28. Re2 Qd3 29. Qe6+ Kh8 30. Qxe7 Qxc3 31. Qf8+ Ng8 32. Re7 Qd2+ 33. Kf1 Qd1+ 34. Kf2 Qd2+ 35. Re2 Qd4+ 36. Kg2 h6 37. Qf7 Nf6 38. Re7 Qd2+ 39. Kh3 Qg5 40. Qe6 a6 41. Rb7 b5 42. axb5 axb5 43. Rxb5 Qh5+ 44. Kg2 Qg5 45. Qc8+ Kh7 46. Qxc5 Qd2+ 47. Qf2 Qd8 48. Qc2+ g6 49. Rc5 Ne8 50. b4 Ng7 51. b5 Ne6 52. Re5 Ng5 53. Qa2 Kg7 54. Qd5 Qc8 55. Qc6 Qh3+ 56. Kg1 Qg4 57. Re7+ Nf7 58. Qd7 Qc4 59. Rxf7+ 1-0

[Event "32.Schlosspark-Open"]
[Site "Wiesbaden-Biebrich"]
[Date "2023.08.26"]
[Round "5.30"]
[White "Althoff, Guntram"]
[Black "Rutsatz, Mario"]
[Result "1-0"]
[WhiteElo "2019"]
[BlackElo "1912"]
[PlyCount "111"]
[EventDate "2023.??.??"]
[WhiteTeam "SF Eltville"]
[BlackTeam "SC 1961 König Nied"]

1. b4 e5 2. Bb2 Bxb4 3. Bxe5 Nf6 4. Nf3 c5 5. c4 Nc6 6. Bb2 O-O 7. e3 d5 8. cxd5 Nxd5 9. Be2 Re8 10. O-O Qe7 11. Qc2 Bg4 12. Rc1 Nf4 13. Bd1 Bh5 14. Qf5 Bxf3 15. Bxf3 Ne6 16. Bxc6 bxc6 17. Qg4 Rad8 18. Bc3 Bxc3 19. dxc3 Qg5 20. Qxg5 Nxg5 21. a4 Ne4 22. Ra2 Rd3 23. Kf1 Red8 24. Ke2 c4 25. f3 Nc5 26. Nd2 Nxa4 27. Ne4 Nb6 28. g4 Nd5 29. Rxa7 Rxe3+ 30. Kf2 Rd3 31. Ra6 Ne7 32. Rb1 f5 33. gxf5 Nxf5 34. Rxc6 Nh4 35. Rxc4 Nxf3 36. Rb7 Ne5 37. Rcc7 R3d7 38. Rxd7 Rxd7 39. Rxd7 Nxd7 40. Ke3 Kf7 41. Kd4 Ke7 42. c4 Nb8 43. Kd5 h6 44. c5 Kd7 45. Nd6 g6 46. Nf7 Ke7 47. Nxh6 Kf6 48. Kd6 Kg5 49. Nf7+ Kg4 50. Ne5+ Kh3 51. Nxg6 Kxh2 52. Ne5 Kg3 53. Nd7 Na6 54. c6 Kf4 55. Nc5 Nxc5 56. Kxc5 1-0

[Event "32.Schlosspark-Open"]
[Site "Wiesbaden-Biebrich"]
[Date "2023.08.26"]
[Round "5.31"]
[White "Kolker, Vladislav"]
[Black "Fucik, Timo"]
[Result "1/2-1/2"]
[WhiteElo "1863"]
[BlackElo "2009"]
[PlyCount "27"]
[EventDate "2023.??.??"]
[WhiteTeam "SC Bad Nauheim"]
[BlackTeam "SK 1926 Ettlingen"]

1. e4 c5 2. Nf3 d6 3. d4 Nf6 4. Nc3 cxd4 5. Nxd4 a6 6. h3 e6 7. g4 d5 8. Bg2 Bb4 9. exd5 Nxd5 10. Nde2 O-O 11. O-O Nxc3 12. Nxc3 Bxc3 13. Qxd8 Rxd8 14. bxc3 1/2-1/2

[Event "32.Schlosspark-Open"]
[Site "Wiesbaden-Biebrich"]
[Date "2023.08.26"]
[Round "5.32"]
[White "Potgieter, Edward"]
[Black "Neurohr, Jürgen"]
[Result "0-1"]
[WhiteElo "1719"]
[BlackElo "2001"]
[PlyCount "102"]
[EventDate "2023.??.??"]
[WhiteTeam "JNW Chess Club"]
[BlackTeam "Sfr.Mainz 1928"]

1. e4 e6 2. d4 d5 3. exd5 exd5 4. Nf3 Nf6 5. Bd3 Bd6 6. h3 O-O 7. O-O h6 8. Nc3 c6 9. Ne5 c5 10. Nb5 Be7 11. dxc5 Bxc5 12. Bf4 a6 13. Nc3 Nc6 14. Qd2 Re8 15. Rfe1 Be6 16. Ne2 Nxe5 17. Bxe5 Bxh3 18. Nf4 Bd7 19. Bxf6 Qxf6 20. Nxd5 Rxe1+ 21. Rxe1 Qxb2 22. Bc4 Be6 23. Nc7 Bb4 24. Qc1 Qxc1 25. Rxc1 Rc8 26. Bxe6 Rxc7 27. Bd5 b5 28. Bb3 Bc3 29. Rd1 a5 30. Rd8+ Kh7 31. Bd5 g6 32. Be4 a4 33. Bd3 b4 34. Ra8 a3 35. Re8 Kg7 36. Re4 h5 37. g4 Rd7 38. gxh5 Rxd3 39. cxd3 b3 40. axb3 a2 41. Ra4 a1=Q+ 42. Rxa1 Bxa1 43. hxg6 Kxg6 44. Kg2 Kf5 45. Kf3 Bd4 46. Kg3 Ke5 47. Kf3 Bc3 48. Kg4 Kd4 49. Kf5 Kxd3 50. f4 Bd4 51. Kg5 Kc3 0-1

[Event "32.Schlosspark-Open"]
[Site "Wiesbaden-Biebrich"]
[Date "2023.08.26"]
[Round "5.33"]
[White "Burkart, Lloyd Shang"]
[Black "Weber, Nikita"]
[Result "1-0"]
[WhiteElo "1891"]
[BlackElo "1650"]
[PlyCount "65"]
[EventDate "2023.??.??"]
[WhiteTeam "SV 1920 Hofheim"]
[BlackTeam "Vorw.Orient Mainz"]

1. d4 d5 2. c4 c6 3. Nf3 Nf6 4. Qc2 e6 5. g3 Be7 6. Bg2 Nbd7 7. O-O O-O 8. Nbd2 Qc7 9. e4 dxe4 10. Nxe4 Nxe4 11. Qxe4 Nf6 12. Qe2 c5 13. Rd1 Rd8 14. Bf4 Qa5 15. d5 Bf8 16. Be5 Ne8 17. Bc3 Qa6 18. Ng5 h6 19. dxe6 Rxd1+ 20. Rxd1 hxg5 21. e7 Qe6 22. Qxe6 fxe6 23. exf8=Q+ Kxf8 24. Bd2 Rb8 25. Bxg5 b5 26. Rd8 Kf7 27. cxb5 Nf6 28. Bc6 Ke7 29. Bxf6+ gxf6 30. Rg8 Kd6 31. h4 a6 32. h5 axb5 33. h6 1-0

[Event "32.Schlosspark-Open"]
[Site "Wiesbaden-Biebrich"]
[Date "2023.08.26"]
[Round "5.34"]
[White "Gundlach, Michael"]
[Black "Kalina, Lena"]
[Result "1-0"]
[WhiteElo "2130"]
[BlackElo "1750"]
[PlyCount "53"]
[EventDate "2023.??.??"]
[WhiteTeam "Sfr.Mainz 1928"]
[BlackTeam "SC Landskrone"]

1. c4 Nf6 2. g3 c6 3. Bg2 d5 4. Nf3 Bg4 5. cxd5 cxd5 6. Ne5 e6 7. Nxg4 Nxg4 8. Qa4+ Nc6 9. Qxg4 Rc8 10. O-O h5 11. Qa4 h4 12. d4 hxg3 13. hxg3 g5 14. e4 dxe4 15. Bxe4 Bg7 16. Nc3 Kf8 17. d5 exd5 18. Nxd5 f5 19. Bg2 Nd4 20. Re1 Nc2 21. Be3 Nxe1 22. Rxe1 Be5 23. Bd4 Bxd4 24. Qxd4 Rh6 25. Re7 Qxe7 26. Nxe7 Re8 27. Nxf5 1-0

[Event "32.Schlosspark-Open"]
[Site "Wiesbaden-Biebrich"]
[Date "2023.08.26"]
[Round "5.35"]
[White "Puschendorf, Steffen"]
[Black "Dauster, Ronald"]
[Result "1-0"]
[WhiteElo "2121"]
[BlackElo "1866"]
[PlyCount "89"]
[EventDate "2023.??.??"]
[WhiteTeam "ESV Gera"]
[BlackTeam "FT Schierstein"]

1. d4 Nf6 2. c4 g6 3. f3 Bg7 4. e4 d6 5. Ne2 O-O 6. Be3 Nc6 7. Nbc3 Rb8 8. Qd2 a6 9. h4 h5 10. Nc1 Re8 11. d5 Ne5 12. Nb3 c5 13. dxc6 Nxc6 14. O-O-O Na5 15. Nxa5 Qxa5 16. Kb1 Be6 17. Nd5 Qxd2 18. Rxd2 Bxd5 19. cxd5 Nd7 20. Be2 Rec8 21. Rc1 Rxc1+ 22. Kxc1 Rc8+ 23. Rc2 Rxc2+ 24. Kxc2 Bf6 25. g3 Be5 26. f4 Bg7 27. b4 Kf8 28. a4 Nf6 29. Bd3 Ng4 30. Bg1 Nf6 31. a5 Ke8 32. Kb3 Kd8 33. Bb6+ Kc8 34. Kc4 Nd7 35. Bd4 Bxd4 36. Kxd4 Kd8 37. e5 Nf8 38. Be4 f5 39. exf6 exf6 40. f5 g5 41. hxg5 fxg5 42. f6 Nd7 43. f7 Ke7 44. Bf5 Nb8 45. Be6 1-0

[Event "32.Schlosspark-Open"]
[Site "Wiesbaden-Biebrich"]
[Date "2023.08.26"]
[Round "5.36"]
[White "Memic, Miodrag"]
[Black "Gürtler, Karlheinz"]
[Result "1-0"]
[WhiteElo "2055"]
[BlackElo "1865"]
[PlyCount "138"]
[EventDate "2023.??.??"]
[WhiteTeam "SV Mainz-Mombach"]
[BlackTeam "SC Ober-Ramstadt"]

1. e4 e5 2. Bc4 Nf6 3. d3 c6 4. Bg5 h6 5. Bxf6 Qxf6 6. Qf3 Be7 7. Nc3 O-O 8. Qxf6 Bxf6 9. Nf3 b5 10. Bb3 Na6 11. h3 Nc5 12. Nd2 d6 13. a3 Nxb3 14. Nxb3 Be6 15. Nd2 Bd8 16. g4 Bb6 17. Ke2 a6 18. Rhf1 d5 19. f3 Rac8 20. f4 exf4 21. Rxf4 d4 22. Nd1 c5 23. b3 Bc7 24. Rf3 h5 25. Nf2 h4 26. Rg1 Rfe8 27. Nh1 c4 28. bxc4 bxc4 29. Rff1 Ba5 30. Rc1 Bd8 31. Nf3 Be7 32. Nf2 Bxa3 33. Ra1 cxd3+ 34. cxd3 Bb2 35. Rab1 Rc2+ 36. Kf1 Ba2 37. Rd1 Rec8 38. Ne1 R2c6 39. Rd2 Rb8 40. Nd1 Rf6+ 41. Ke2 Rfb6 42. Rg2 Be6 43. Nxb2 Rxb2 44. Nf3 Rxd2+ 45. Nxd2 a5 46. Rg1 Rb2 47. Ra1 Ra2 48. Rxa2 Bxa2 49. Kd1 Kf8 50. Nf3 Ke7 51. Nxd4 Kd6 52. Kd2 Kc5 53. Kc3 Be6 54. Nf3 a4 55. d4+ Kd6 56. Nxh4 a3 57. Nf3 a2 58. Kb2 Bc4 59. Nd2 Be6 60. Ka1 f6 61. Kb2 Bf7 62. h4 Be6 63. g5 f5 64. d5 Bf7 65. Nc4+ Kc5 66. Ne5 Be8 67. exf5 Kxd5 68. Ng4 Ke4 69. f6 Bf7 1-0